|
|
|
|
| LEADER |
01909nam a2200457 i 4500 |
| 001 |
EBC1720840 |
| 003 |
MiAaPQ |
| 005 |
20200903223051.0 |
| 006 |
m o d | |
| 007 |
cr cnu|||||||| |
| 008 |
140808t20142014ne a o 001 0 eng d |
| 020 |
|
|
|z 9781614993940
|
| 020 |
|
|
|a 9781614993957
|q (electronic bk.)
|
| 035 |
|
|
|a (MiAaPQ)EBC1720840
|
| 035 |
|
|
|a (Au-PeEL)EBL1720840
|
| 035 |
|
|
|a (CaPaEBR)ebr10898083
|
| 035 |
|
|
|a (CaONFJC)MIL621554
|
| 035 |
|
|
|a (OCoLC)923708962
|
| 040 |
|
|
|a MiAaPQ
|b eng
|e rda
|e pn
|c MiAaPQ
|d MiAaPQ
|
| 050 |
|
4 |
|a HE6071
|b .P678 2014
|
| 082 |
0 |
|
|a 383.021
|2 23
|
| 245 |
0 |
0 |
|a Postal services in the digital age /
|c edited by Matthias Finger, Bernhard Bukovc and Muqbil Burhan.
|
| 264 |
|
1 |
|a Amsterdam, Netherlands ;
|a Fairfax, Virginia :
|b IOS Press,
|c 2014.
|
| 264 |
|
4 |
|c 2014
|
| 300 |
|
|
|a 1 online resource (200 pages) :
|b illustrations (some color).
|
| 336 |
|
|
|a text
|2 rdacontent
|
| 337 |
|
|
|a computer
|2 rdamedia
|
| 338 |
|
|
|a online resource
|2 rdacarrier
|
| 490 |
1 |
|
|a Global E-Governance Series,
|x 1879-8381 ;
|v Volume 6
|
| 500 |
|
|
|a Includes indexes.
|
| 588 |
|
|
|a Description based on print version record.
|
| 590 |
|
|
|a Electronic reproduction. Ann Arbor, MI : ProQuest, 2016. Available via World Wide Web. Access may be limited to ProQuest affiliated libraries.
|
| 650 |
|
0 |
|a Postal service.
|
| 655 |
|
4 |
|a Electronic books.
|
| 700 |
1 |
|
|a Finger, Matthias,
|e editor.
|
| 700 |
1 |
|
|a Bukovc, Bernhard,
|e editor.
|
| 700 |
1 |
|
|a Burhan, Muqbil,
|e editor.
|
| 776 |
0 |
8 |
|i Print version:
|t Postal services in the digital age.
|d Amsterdam, Netherlands ; Fairfax, Virginia : IOS Press, c2014
|h xiv, 183 pages
|k Global e-governance series ; Volume 6.
|z 9781614993940
|w 2014938404
|
| 797 |
2 |
|
|a ProQuest (Firm)
|
| 830 |
|
0 |
|a Global e-governance series ;
|v Volume 6.
|
| 856 |
4 |
0 |
|u https://ebookcentral.proquest.com/lib/matrademy/detail.action?docID=1720840
|z Click to View
|